|
|
|
|
| LEADER |
00950nam a2200253 a 4500 |
| 001 |
14553168 |
| 008 |
100715r20102006nyua b 001 0 eng d |
| 010 |
|
|
|a 2006283007
|
| 020 |
|
|
|a 9788126516056
|
| 020 |
|
|
|a 0471737690
|
| 020 |
|
|
|a 9780471737698 (hbk.)
|
| 040 |
|
|
|a DLC
|c DLC
|d DLC
|d DB-DhAAL
|
| 082 |
0 |
0 |
|a 658.1/5904
|2 22
|
| 100 |
1 |
|
|a Shapiro, Alan C.
|
| 245 |
1 |
0 |
|a Multinational financial management /
|c Alan C. Shapiro.
|
| 250 |
|
|
|a 8th ed.
|
| 260 |
|
|
|a New York ;
|a New Delhi :
|b J. Wiley & Sons,
|c c2006.[reprinted 2010]
|
| 300 |
|
|
|a xxii, 745 p. :
|b ill. ;
|c 24 cm.
|
| 504 |
|
|
|a Includes bibliographical references and index.
|
| 541 |
1 |
|
|e 00020709
|
| 650 |
|
0 |
|a International business enterprises
|x Finance.
|
| 852 |
4 |
|
|a Ayesha Abed Library
|j General Shelf.
|
| 999 |
|
|
|c 9249
|d 9249
|
| 952 |
|
|
|0 0
|1 0
|2 ddc
|4 0
|6 658_159040000000000_SHA
|7 0
|9 11758
|a BRACUL
|b BRACUL
|c GEN
|d 2010-08-25
|l 1
|o 658.15904 SHA
|p 3010020709
|r 2014-05-11
|s 2014-02-16
|t 1
|w 2010-08-25
|y BK
|